Principles of finance with Excel
Salvato in:
| Autore principale: | |
|---|---|
| Natura: | Libro |
| Lingua: | inglese |
| Pubblicazione: |
New York
Oxford University Press
2011
|
| Edizione: | 2nd ed. |
| Soggetti: | |
| Tags: |
Nessun Tag, puoi essere il primo ad aggiungerne!!
|
MARC
| LEADER | 00000nam a2200000 4500 | ||
|---|---|---|---|
| 001 | 0223956 | ||
| 005 | 20230109114819.3 | ||
| 020 | |a 978-0-19-975547-9 | ||
| 041 | 0 | |a eng | |
| 044 | |a US | ||
| 245 | 1 | 0 | |a Principles of finance with Excel |c Simon Benninga |
| 250 | |a 2nd ed. | ||
| 264 | 1 | |a New York |b Oxford University Press |c 2011 | |
| 300 | |a 801 s. |e 1 CD-ROM | ||
| 610 | 2 | 0 | |a podnik |
| 610 | 2 | 0 | |a politika finančná |
| 610 | 2 | 0 | |a rozhodovanie finančné |
| 610 | 2 | 0 | |a riziko |
| 610 | 2 | 0 | |a využitie počítačov |
| 610 | 2 | 0 | |a softvér |
| 610 | 2 | 0 | |a procesory tabuľkové |
| 610 | 2 | 0 | |a analýza finančná |
| 610 | 2 | 0 | |a plánovanie finančné |
| 610 | 2 | 0 | |a štatistika |
| 610 | 2 | 0 | |a portfólio |
| 610 | 2 | 0 | |a modely cenové |
| 610 | 2 | 0 | |a kapitál |
| 610 | 2 | 0 | |a dividendy |
| 610 | 2 | 0 | |a dáta |
| 610 | 2 | 0 | |a MS Excel |
| 100 | 1 | |a Benninga, Simon | |